[Event "Hampstead op U2200 09"]
[Site "Hampstead"]
[Date "2013.09.29"]
[Round "4"]
[White "Byrne, Ken J"]
[Black "Verma, Aditya"]
[Result "0-1"]
[WhiteElo "1194"]
[BlackElo "1647"]
[PlyCount "109"]
[EventDate "2013.09.28"]
[EventType "swiss"]
[EventRounds "5"]
[EventCountry "ENG"]
[SourceTitle "EXT 2015"]
[Source "ChessBase"]
[SourceDate "2014.11.20"]
[SourceVersion "1"]
[SourceVersionDate "2014.11.20"]
[SourceQuality "1"]

1. c4 e6 2. g3 d5 3. Bg2 Nf6 4. Nf3 c6 5. 0-0 Nbd7 6. b3 Bd6 7. Ba3 Qe7 8. Bxd6 Qxd6 9. d4 0-0 10. Nc3 Re8 11. Qc2 Qc7 12. Rae1 Nf8 13. Ne5 Bd7 14. h3 Rad8 15. e3 Bc8 16. Qe2 Qa5 17. Rc1 N8d7 18. f4 h6 19. g4 Nxe5 20. fxe5 Nh7 21. h4 g6 22. Qf2 Rf8 23. Rc2 b6 24. Qf4 Ba6 25. Qxh6 dxc4 26. Rcf2 Qxc3 27. Be4 cxb3 28. axb3 Bd3 29. Bxd3 Qxd3 30. b4 a5 31. bxa5 bxa5 32. Rf3 Qe4 33. g5 Qg4+ 34. Kh2 Qh5 35. Qxh5 gxh5 36. Rc1 Rc8 37. Rc5 a4 38. e4 Rfd8 39. Rd3 a3 40. Rxa3 Rxd4 41. Ra6 Rxe4 42. Kh3 Nf8 43. Rcxc6 Rxc6 44. Rxc6 Rxe5 45. Kg3 Re4 46. Rc1 Ng6 47. Rh1 Rg4+ 48. Kf3 Rxh4 49. Rxh4 Nxh4+ 50. Kf4 Ng6+ 51. Kg3 Kf8 52. Kf3 Ke7 53. Kg3 Kd6 54. Kf3 Ke5 55. Kg3 0-1

[Event "Hampstead op U2200 09"]
[Site "Hampstead"]
[Date "2013.09.28"]
[Round "2"]
[White "Byrne, Ken J"]
[Black "Misyura, Ilya"]
[Result "0-1"]
[WhiteElo "1194"]
[BlackElo "1626"]
[PlyCount "106"]
[EventDate "2013.09.28"]
[EventType "swiss"]
[EventRounds "5"]
[EventCountry "ENG"]
[SourceTitle "EXT 2015"]
[Source "ChessBase"]
[SourceDate "2014.11.20"]
[SourceVersion "1"]
[SourceVersionDate "2014.11.20"]
[SourceQuality "1"]

1. c4 Nf6 2. g3 g6 3. Bg2 Bg7 4. Nc3 0-0 5. e3 d6 6. Nge2 Nc6 7. d4 Nd7 8. d5 Nce5 9. b3 Nc5 10. 0-0 a5 11. a4 e6 12. e4 f5 13. Be3 fxe4 14. Nxe4 Nxe4 15. Bxe4 Nf3+ 16. Bxf3 Bxa1 17. Qxa1 Rxf3 18. Bh6 Qf6 19. dxe6 Qxa1 20. Rxa1 Rf6 21. e7 Re6 22. Nc3 Rxe7 23. Nd5 Rf7 24. Re1 Bf5 25. Ne7+ Kh8 26. h4 Bc2 27. Re3 Bxb3 28. Rxb3 Rxe7 29. Rxb7 Kg8 30. Kg2 Kf7 31. Bg5 Rd7 32. g4 Ke6 33. Bf4 c5 34. Rb6 h5 35. Kg3 Raa7 36. Rb8 Rab7 37. Re8+ Kf7 38. Bh6 Re7 39. Rf8+ Ke6 40. f4 Rb3+ 41. Kf2 hxg4 42. f5+ gxf5 43. h5 Rh7 44. Bf4 Rxh5 45. Re8+ Kf7 46. Rd8 Rf3+ 47. Kg2 Rxf4 48. Rxd6 Rxc4 49. Ra6 Rh3 50. Rxa5 Rc2+ 51. Kg1 Ra3 52. Ra7+ Ke6 53. Ra6+ Kd5 0-1

[Event "London op Congress August U1900"]
[Site "London"]
[Date "2013.08.24"]
[Round "1"]
[White "Byrne, Ken J"]
[Black "Klingher, Dominic"]
[Result "0-1"]
[WhiteElo "1194"]
[BlackElo "1762"]
[PlyCount "80"]
[EventDate "2013.08.24"]
[EventType "swiss"]
[EventRounds "6"]
[EventCountry "ENG"]
[SourceTitle "EXT 2023"]
[Source "ChessBase"]
[SourceDate "2022.10.05"]
[SourceVersion "1"]
[SourceVersionDate "2022.10.05"]
[SourceQuality "1"]

1. c4 e5 2. g3 Nf6 3. Bg2 Bc5 4. Nc3 0-0 5. Nf3 Nc6 6. 0-0 d6 7. d3 a5 8. a3 Bf5 9. Nh4 Be6 10. Bg5 h6 11. Bxf6 Qxf6 12. e3 Ba7 13. Qd2 g5 14. Ne4 Qg7 15. Nf3 f5 16. Nc3 h5 17. Nb5 Bb6 18. b4 f4 19. Rac1 axb4 20. axb4 Bg4 21. c5 dxc5 22. bxc5 Ba5 23. Qc2 h4 24. Qc4+ Kh8 25. Rcd1 Bh5 26. d4 e4 27. Ne5 Bxd1 28. Rxd1 f3 29. Bf1 Nxe5 30. dxe5 c6 31. Nd6 Rad8 32. Ra1 Bc7 33. Nxb7 Rd7 34. Na5 Qxe5 35. Ra4 hxg3 36. hxg3 Bxa5 37. Rxa5 Qd5 38. Qxd5 Rxd5 39. Bh3 Rb8 40. Bf5 Rxf5 0-1

[Event "Hampstead op U2200 07"]
[Site "Hampstead"]
[Date "2013.07.20"]
[Round "1"]
[White "Byrne, Ken J"]
[Black "Pattni, Kishan"]
[Result "0-1"]
[WhiteElo "1194"]
[BlackElo "1727"]
[PlyCount "108"]
[EventDate "2013.07.20"]
[EventType "swiss"]
[EventRounds "5"]
[EventCountry "ENG"]
[SourceTitle "EXT 2023"]
[Source "ChessBase"]
[SourceDate "2022.10.05"]
[SourceVersion "1"]
[SourceVersionDate "2022.10.05"]
[SourceQuality "1"]

1. c4 e5 2. g3 Nc6 3. Bg2 Bc5 4. Nc3 d6 5. d3 f5 6. e3 Nf6 7. Nge2 0-0 8. 0-0 Qe8 9. Na4 Bb6 10. Nxb6 axb6 11. b3 Nd8 12. f4 e4 13. dxe4 Nxe4 14. Qd3 Nc5 15. Qc3 Ne4 16. Qd3 Nc6 17. a3 Nc5 18. Qc3 Bd7 19. Nd4 Ne4 20. Qd3 Nxd4 21. Qxd4 Bc6 22. Bb2 Qg6 23. Rf3 Nc5 24. Rf2 Nxb3 25. Qc3 Nxa1 26. Bxa1 Bxg2 27. Kxg2 Rae8 28. Re2 Re7 29. a4 Rfe8 30. Qd2 Qe6 31. Kf2 Qxc4 32. Qc3 Qxc3 33. Bxc3 Re4 34. a5 Kf7 35. axb6 cxb6 36. Bb2 Rc8 37. Bd4 Rc6 38. Kf3 Ke6 39. Bxg7 b5 40. g4 d5 41. g5 b4 42. h4 Kf7 43. Bh8 b3 44. Rd2 Ke6 45. h5 Rc2 46. Ke2 Rec4 47. g6 hxg6 48. hxg6 Rxd2+ 49. Kxd2 b5 50. g7 Kf7 51. g8Q+ Kxg8 52. Bb2 Rc2+ 53. Kd3 Rxb2 54. Kc3 Re2 0-1

[Event "Hampstead op U2200 06"]
[Site "Hampstead"]
[Date "2013.06.29"]
[Round "3"]
[White "Lovell, William Pm"]
[Black "Byrne, Ken J"]
[Result "1-0"]
[WhiteElo "1322"]
[BlackElo "1194"]
[PlyCount "37"]
[EventDate "2013.06.29"]
[EventType "swiss"]
[EventRounds "5"]
[EventCountry "ENG"]
[SourceTitle "EXT 2014"]
[Source "ChessBase"]
[SourceDate "2013.11.20"]
[SourceVersion "1"]
[SourceVersionDate "2013.11.20"]
[SourceQuality "1"]

1. e4 d6 2. Nc3 g6 3. f4 Bg7 4. Nf3 Nf6 5. Bc4 e6 6. d3 Nbd7 7. 0-0 Nb6 8. Bb3 0-0 9. Qe1 Nfd7 10. f5 e5 11. fxg6 hxg6 12. Qg3 Nc5 13. Bg5 Bf6 14. Qh4 Nxb3 15. Bxf6 Qxf6 16. Qxf6 Nd7 17. Qh4 Nxa1 18. Ng5 Kg7 19. Qh7# 1-0